[Event "Andorra op 36th"]
[Site "Escaldes"]
[Date "2018.07.27"]
[Round "7"]
[White "Laliena Solanes, Luis M"]
[Black "Dubois, Pierre"]
[Result "1-0"]
[WhiteElo "2174"]
[BlackElo "2105"]
[PlyCount "63"]
[EventDate "2018.07.21"]
[EventType "swiss"]
[EventRounds "9"]
[EventCountry "AND"]
[SourceTitle "CBM 185 Extra"]
[Source "ChessBase"]
[SourceDate "2018.07.29"]
[SourceVersion "1"]
[SourceVersionDate "2018.07.29"]
[SourceQuality "1"]

1. d4 Nf6 2. Nf3 e6 3. e3 b6 4. Bd3 Bb7 5. 0-0 Be7 6. Nbd2 d5 7. b3 Nbd7 8. Bb2 0-0 9. Ne5 Ne4 10. Nxd7 Qxd7 11. f3 Nxd2 12. Qxd2 c5 13. dxc5 Bxc5 14. Qe2 Rad8 15. f4 f5 16. Bd4 Be7 17. a4 Bf6 18. a5 Qc7 19. Qd2 e5 20. fxe5 Bxe5 21. h3 Bxd4 22. exd4 f4 23. axb6 axb6 24. Rf3 Rd6 25. Rxf4 Rdf6 26. Rxf6 Rxf6 27. Re1 Bc8 28. Re8+ Kf7 29. Re5 Be6 30. Qe2 Qc3 31. Qe3 Kf8 32. Rxe6 1-0

[Event "Andorra op 36th"]
[Site "Escaldes"]
[Date "2018.07.24"]
[Round "4"]
[White "Dubois, Pierre"]
[Black "Cuadras Avellana, Jordi"]
[Result "1/2-1/2"]
[WhiteElo "2105"]
[BlackElo "2240"]
[PlyCount "44"]
[EventDate "2018.07.21"]
[EventType "swiss"]
[EventRounds "9"]
[EventCountry "AND"]
[SourceTitle "CBM 185 Extra"]
[Source "ChessBase"]
[SourceDate "2018.07.29"]
[SourceVersion "1"]
[SourceVersionDate "2018.07.29"]
[SourceQuality "1"]

1. e4 c5 2. Nf3 e6 3. c3 d5 4. exd5 Qxd5 5. d4 Nf6 6. Be2 Nc6 7. 0-0 Be7 8. Na3 0-0 9. dxc5 Bxc5 10. Nc4 Rd8 11. Qc2 Qe4 12. Qxe4 Nxe4 13. Be3 Bxe3 14. Nxe3 b6 15. Nc4 Ba6 16. Rfe1 Bxc4 17. Bxc4 Nd2 18. Be2 Rd6 19. Nxd2 Rxd2 20. Bf3 Rc8 21. Rad1 Rxd1 22. Rxd1 Rd8 1/2-1/2

[Event "Sautron op 16th"]
[Site "Sautron"]
[Date "2016.10.22"]
[Round "1.2"]
[White "Maiorov, Nikita"]
[Black "Dubois, Pierre"]
[Result "1-0"]
[WhiteElo "2535"]
[BlackElo "2125"]
[PlyCount "41"]
[EventDate "2016.10.22"]
[EventType "swiss"]
[EventRounds "9"]
[EventCountry "FRA"]
[SourceTitle "EXT 2019"]
[Source "ChessBase"]
[SourceDate "2018.10.10"]
[SourceVersion "1"]
[SourceVersionDate "2018.10.10"]
[SourceQuality "1"]

1. d4 Nf6 2. c4 g6 3. g3 Bg7 4. Bg2 0-0 5. Nf3 d6 6. 0-0 Nc6 7. Nc3 a6 8. b3 Rb8 9. Nd5 e5 10. dxe5 dxe5 11. Bg5 Bg4 12. Rc1 Bxf3 13. exf3 Re8 14. Re1 Re6 15. f4 exf4 16. Bxf4 Rxe1+ 17. Qxe1 Qd7 18. Nxc7 Nh5 19. Rd1 Bd4 20. Bxc6 bxc6 21. Be5 1-0

[Event "Sautron op 14th"]
[Site "Sautron"]
[Date "2014.10.26"]
[Round "6"]
[White "Delabbey, Florian"]
[Black "Dubois, Pierre"]
[Result "1/2-1/2"]
[WhiteElo "1751"]
[BlackElo "2090"]
[PlyCount "68"]
[EventDate "2014.10.26"]
[EventType "swiss"]
[EventRounds "9"]
[EventCountry "FRA"]
[SourceTitle "EXT 2016"]
[Source "ChessBase"]
[SourceDate "2015.10.08"]
[SourceVersion "1"]
[SourceVersionDate "2015.10.08"]
[SourceQuality "1"]

1. e4 e5 2. Nf3 Nc6 3. Bb5 g6 4. 0-0 Bg7 5. c3 a6 6. Ba4 d6 7. h3 Nf6 8. Re1 0-0 9. d4 Bd7 10. Bg5 h6 11. Bh4 Qe7 12. Nbd2 Rae8 13. dxe5 Nxe5 14. Bxd7 Qxd7 15. Nxe5 dxe5 16. Nf3 Qc6 17. Qc2 Nh5 18. Kh2 g5 19. Bg3 Nxg3 20. Kxg3 f5 21. Kh2 f4 22. Rad1 Rd8 23. Rxd8 Rxd8 24. Rd1 Rxd1 25. Qxd1 Bf6 26. Qd3 Kf7 27. g4 Ke6 28. Kg2 b5 29. Nd2 Qd6 30. Qxd6+ Kxd6 31. Kf3 c5 32. c4 Bd8 33. Ke2 Ba5 34. b3 Bxd2 1/2-1/2

[Event "Sautron op 14th"]
[Site "Sautron"]
[Date "2014.10.26"]
[Round "9"]
[White "Dubois, Pierre"]
[Black "Chargelegue, Laurent"]
[Result "1-0"]
[WhiteElo "2090"]
[BlackElo "1698"]
[PlyCount "27"]
[EventDate "2014.10.26"]
[EventType "swiss"]
[EventRounds "9"]
[EventCountry "FRA"]
[SourceTitle "EXT 2016"]
[Source "ChessBase"]
[SourceDate "2015.10.08"]
[SourceVersion "1"]
[SourceVersionDate "2015.10.08"]
[SourceQuality "1"]

1. e4 Nc6 2. d4 d5 3. exd5 Qxd5 4. Nf3 Bg4 5. Be2 0-0-0 6. c4 Qh5 7. Be3 Nf6 8. Nc3 e6 9. a3 Nd7 10. b4 a6 11. 0-0 Be7 12. h3 Bxh3 13. Ng5 Qg6 14. Nxh3 1-0

[Event "Avoine op 29th"]
[Site "Avoine"]
[Date "2014.07.24"]
[Round "6"]
[White "Beaugeard, Meddy"]
[Black "Dubois, Pierre"]
[Result "0-1"]
[WhiteElo "1875"]
[BlackElo "2124"]
[PlyCount "80"]
[EventDate "2014.07.19"]
[EventType "swiss"]
[EventRounds "9"]
[EventCountry "FRA"]
[SourceTitle "CBM 161 Extra"]
[Source "ChessBase"]
[SourceDate "2014.08.29"]
[SourceVersion "1"]
[SourceVersionDate "2014.08.29"]
[SourceQuality "1"]

1. Nf3 Nf6 2. d4 g6 3. g3 Bg7 4. Bg2 0-0 5. 0-0 d6 6. c4 Nc6 7. Nc3 a6 8. h3 Rb8 9. a4 e5 10. d5 Na5 11. Nd2 c5 12. Qc2 Bd7 13. b3 Qc7 14. g4 Rfe8 15. Ra2 b5 16. axb5 axb5 17. Bb2 bxc4 18. bxc4 Rb7 19. Rfa1 Reb8 20. Nd1 Nb3 21. Nxb3 Rxb3 22. Bc3 Qc8 23. Ra6 R3b6 24. R6a3 Ne8 25. e4 f5 26. f3 Nf6 27. Nf2 Bh6 28. Bf1 Be3 29. Kg2 Bxf2 30. Kxf2 fxe4 31. fxe4 Bxg4 32. hxg4 Qxg4 33. Bg2 Qf4+ 34. Ke2 Ng4 35. Qd2 Qf2+ 36. Kd3 Qg3+ 37. Kc2 Ne3+ 38. Kc1 Nxg2 39. Bxe5 Qxe5 40. Qxg2 Qf4+ 0-1

[Event "Avoine op 29th"]
[Site "Avoine"]
[Date "2014.07.20"]
[Round "2"]
[White "Doluhanova, Evgeniya"]
[Black "Dubois, Pierre"]
[Result "1-0"]
[WhiteElo "2334"]
[BlackElo "2124"]
[PlyCount "67"]
[EventDate "2014.07.19"]
[EventType "swiss"]
[EventRounds "9"]
[EventCountry "FRA"]
[SourceTitle "CBM 161 Extra"]
[Source "ChessBase"]
[SourceDate "2014.08.29"]
[SourceVersion "1"]
[SourceVersionDate "2014.08.29"]
[SourceQuality "1"]

1. e4 e5 2. Nf3 Nc6 3. Nc3 Nf6 4. d4 exd4 5. Nxd4 Bb4 6. Nxc6 bxc6 7. Bd3 d5 8. exd5 cxd5 9. 0-0 0-0 10. h3 c6 11. Qf3 Bd6 12. Bf4 Rb8 13. b3 Rb4 14. Bxd6 Qxd6 15. Rfe1 h6 16. Qe2 Rh4 17. Qe5 Qxe5 18. Rxe5 Be6 19. Na4 Nd7 20. Re2 Rb8 21. Rd1 c5 22. c3 c4 23. bxc4 dxc4 24. Bc2 Nb6 25. Nxb6 axb6 26. Re5 g6 27. Bxg6 Bxh3 28. Bc2 Be6 29. Rb5 Rf4 30. Rd6 Kg7 31. Rbxb6 Ra8 32. a4 Ra5 33. Rb5 Rxb5 34. axb5 1-0

[Event "Sautron op 13th"]
[Site "Sautron"]
[Date "2013.10.??"]
[Round "2"]
[White "Bihari, Pascal"]
[Black "Dubois, Pierre"]
[Result "0-1"]
[WhiteElo "1846"]
[BlackElo "2097"]
[PlyCount "36"]
[EventDate "2013.10.26"]
[EventType "swiss"]
[EventRounds "9"]
[EventCountry "FRA"]
[SourceTitle "EXT 2016"]
[Source "ChessBase"]
[SourceDate "2015.10.08"]
[SourceVersion "1"]
[SourceVersionDate "2015.10.08"]
[SourceQuality "1"]

1. e4 c5 2. Nf3 d6 3. d4 cxd4 4. Nxd4 Nf6 5. Nc3 a6 6. Bc4 b5 7. Bb3 e6 8. a3 Bb7 9. Qe2 Nbd7 10. Ba2 Rc8 11. Bd2 Nb6 12. Ncxb5 axb5 13. Qxb5+ Nfd7 14. Qh5 g6 15. Qe2 Bg7 16. Bc3 0-0 17. 0-0 d5 18. f3 Na4 0-1

[Event "FRA-ch op-A"]
[Site "Nancy"]
[Date "2013.08.22"]
[Round "10"]
[White "Callet, Emmanuel"]
[Black "Dubois, Pierre"]
[Result "1/2-1/2"]
[WhiteElo "2183"]
[BlackElo "2082"]
[PlyCount "80"]
[EventDate "2013.08.11"]
[EventType "swiss"]
[EventRounds "11"]
[EventCountry "FRA"]
[SourceTitle "CBM 156 Extra"]
[Source "ChessBase"]
[SourceDate "2013.10.22"]
[SourceVersion "1"]
[SourceVersionDate "2013.10.22"]
[SourceQuality "1"]

1. Nf3 Nf6 2. d4 g6 3. c4 Bg7 4. Nc3 c5 5. d5 e6 6. e4 exd5 7. e5 0-0 8. Be2 d6 9. 0-0 Bg4 10. h3 Bxf3 11. Bxf3 Nbd7 12. Qc2 Re8 13. Bf4 Nxe5 14. Be2 Nfd7 15. Rae1 f5 16. Bd2 a6 17. f4 Ng4 18. Bxg4 fxg4 19. Rxe8+ Qxe8 20. hxg4 Bd4+ 21. Kh2 Nf6 22. g5 Ng4+ 23. Kg3 Ne3 24. Bxe3 Qxe3+ 25. Rf3 Qe1+ 26. Kg4 Re8 27. Qd3 Bf2 28. Ne4 Qxe4 29. Qxe4 Rxe4 30. Rxf2 Rxc4 31. Rd2 Kf7 32. Kf3 b5 33. g4 Rc1 34. f5 gxf5 35. gxf5 Rf1+ 36. Kg4 Rg1+ 37. Kf4 Rf1+ 38. Kg4 Rg1+ 39. Kf4 Rf1+ 40. Kg4 Rg1+ 1/2-1/2

[Event "Le Port Marly Paribas blitz op"]
[Site "Le Port Marly"]
[Date "2013.06.15"]
[Round "8"]
[White "Dubois, Pierre"]
[Black "Dourerassou, Jonathan"]
[Result "0-1"]
[WhiteElo "2170"]
[BlackElo "2580"]
[PlyCount "42"]
[EventDate "2013.06.15"]
[EventType "swiss (blitz)"]
[EventRounds "15"]
[EventCountry "FRA"]
[SourceTitle "EXT 2014"]
[Source "ChessBase"]
[SourceDate "2013.11.20"]
[SourceVersion "1"]
[SourceVersionDate "2013.11.20"]
[SourceQuality "1"]

1. e4 c5 2. c3 b6 3. d4 Bb7 4. Bd3 e6 5. Nf3 Nf6 6. Bg5 Be7 7. e5 Nd5 8. Bxe7 Qxe7 9. 0-0 Nf4 10. Re1 0-0 11. Bf1 f6 12. dxc5 fxe5 13. Rxe5 Nc6 14. Re1 bxc5 15. Na3 Na5 16. Re3 Rad8 17. g3 Nd5 18. Re1 Nxc3 19. bxc3 Bxf3 20. Qa4 Nc6 21. Rad1 Bxd1 0-1

[Event "Le Port Marly Paribas blitz op"]
[Site "Le Port Marly"]
[Date "2013.06.15"]
[Round "3"]
[White "Dubois, Pierre"]
[Black "Leconte, Jean Olivier"]
[Result "0-1"]
[WhiteElo "2170"]
[BlackElo "2330"]
[PlyCount "92"]
[EventDate "2013.06.15"]
[EventType "swiss (blitz)"]
[EventRounds "15"]
[EventCountry "FRA"]
[SourceTitle "EXT 2014"]
[Source "ChessBase"]
[SourceDate "2013.11.20"]
[SourceVersion "1"]
[SourceVersionDate "2013.11.20"]
[SourceQuality "1"]

1. e4 e6 2. d4 d5 3. exd5 exd5 4. c4 Nf6 5. Nc3 Bb4 6. Bg5 0-0 7. Bd3 c6 8. Nge2 dxc4 9. Bxc4 Nbd7 10. 0-0 h6 11. Bh4 Nb6 12. Bb3 Be7 13. Bc2 Nfd5 14. Qd3 g6 15. Bxe7 Qxe7 16. a3 Bf5 17. Qd2 Bxc2 18. Qxc2 Rfe8 19. Rad1 Rad8 20. h3 Qf6 21. Rd3 Qg7 22. Rfd1 Re7 23. Ng3 Rde8 24. R3d2 Re1+ 25. Kh2 Rxd1 26. Rxd1 Qf6 27. Nge4 Qf4+ 28. g3 Qc7 29. Re1 Kg7 30. Re2 Re6 31. Nc5 Rxe2 32. Qxe2 Nf6 33. Qe5 Qxe5 34. dxe5 Nfd7 35. Nxb7 Nxe5 36. Na5 c5 37. Nb7 c4 38. Nc5 f5 39. Kg2 Kf6 40. Kf1 Ke7 41. Ke2 Kd6 42. Na6 Nd3 43. b3 Nc1+ 44. Kd1 Nxb3 45. Nb4 Nd4 46. Nb5+ Nxb5 0-1

[Event "Rohde op 12th"]
[Site "Sautron"]
[Date "2012.11.??"]
[Round "6"]
[White "Dubois, Pierre"]
[Black "Pascot, Jean"]
[Result "1-0"]
[WhiteElo "2033"]
[BlackElo "1875"]
[PlyCount "61"]
[EventDate "2012.10.27"]
[EventType "swiss"]
[EventRounds "9"]
[EventCountry "FRA"]
[SourceTitle "EXT 2014"]
[Source "ChessBase"]
[SourceDate "2013.11.20"]
[SourceVersion "1"]
[SourceVersionDate "2013.11.20"]
[SourceQuality "1"]

1. e4 e5 2. Nf3 Nc6 3. d4 exd4 4. Nxd4 Bc5 5. Nb3 Bb6 6. c4 d6 7. Nc3 Nf6 8. Bg5 0-0 9. Be2 Re8 10. 0-0 h6 11. Bh4 g5 12. Bg3 Nxe4 13. Nxe4 Rxe4 14. Kh1 Qe8 15. Bd3 Re7 16. f4 f6 17. fxg5 fxg5 18. Rf6 Re6 19. Qf3 Rxf6 20. Qxf6 Qe6 21. Qc3 Bc5 22. Re1 Qf7 23. Nxc5 dxc5 24. Rf1 Qe7 25. Rf6 Nd4 26. Rg6+ Kf8 27. Rxh6 Be6 28. Qd2 Re8 29. Qf2+ Bf7 30. Rh8+ Kg7 31. Be5+ 1-0

[Event "Rohde op 12th"]
[Site "Sautron"]
[Date "2012.11.??"]
[Round "4"]
[White "Dubois, Pierre"]
[Black "Poulain, Yves"]
[Result "1-0"]
[WhiteElo "2033"]
[BlackElo "1799"]
[PlyCount "57"]
[EventDate "2012.10.27"]
[EventType "swiss"]
[EventRounds "9"]
[EventCountry "FRA"]
[SourceTitle "EXT 2014"]
[Source "ChessBase"]
[SourceDate "2013.11.20"]
[SourceVersion "1"]
[SourceVersionDate "2013.11.20"]
[SourceQuality "1"]

1. e4 c5 2. Nf3 Nc6 3. d4 cxd4 4. Nxd4 Nf6 5. Nc3 e5 6. Ndb5 d6 7. a4 a6 8. Na3 Be6 9. Bc4 Be7 10. 0-0 0-0 11. Bg5 d5 12. Nxd5 Nxd5 13. exd5 Bxg5 14. dxe6 fxe6 15. Bxe6+ Kh8 16. c3 Qf6 17. Qg4 Rad8 18. Nc4 Nd4 19. Bd7 Nb3 20. Rad1 Nc5 21. b4 Nxd7 22. Rxd7 b5 23. axb5 axb5 24. Nd6 Rxd7 25. Qxd7 Be3 26. Ne4 Qf4 27. Qd3 Bb6 28. Qxb5 Qxe4 29. Qxb6 1-0

[Event "Rohde op 12th"]
[Site "Sautron"]
[Date "2012.11.??"]
[Round "3"]
[White "Karpatchev, Aleksandr"]
[Black "Dubois, Pierre"]
[Result "1-0"]
[WhiteElo "2458"]
[BlackElo "2033"]
[PlyCount "91"]
[EventDate "2012.10.27"]
[EventType "swiss"]
[EventRounds "9"]
[EventCountry "FRA"]
[SourceTitle "EXT 2014"]
[Source "ChessBase"]
[SourceDate "2013.11.20"]
[SourceVersion "1"]
[SourceVersionDate "2013.11.20"]
[SourceQuality "1"]

1. e4 e5 2. Nf3 Nc6 3. Bb5 Nf6 4. 0-0 Nxe4 5. d4 Nd6 6. Ba4 e4 7. Ne5 Be7 8. Nc3 0-0 9. Re1 f6 10. Bb3+ Kh8 11. Nxc6 dxc6 12. Nxe4 Nxe4 13. Rxe4 Bf5 14. Re1 Bd6 15. Qf3 Qd7 16. h3 Rae8 17. Bf4 Bg6 18. Qg3 Rxe1+ 19. Rxe1 Re8 20. Rxe8+ Bxe8 21. h4 g6 22. h5 g5 23. Bxd6 Qxd6 24. Qg4 Bd7 25. Qe4 Kg7 26. c3 f5 27. Qe2 Kf6 28. h6 Be6 29. Bc2 Qf4 30. g3 Qd6 31. b3 Bf7 32. Qe3 Qe6 33. Qd2 Bg6 34. c4 f4 35. Bd1 fxg3 36. fxg3 Qh3 37. Qf2+ Qf5 38. Bf3 Qb1+ 39. Kh2 Qf5 40. Qe3 Qc2+ 41. Bg2 Qf5 42. Qc3 Kf7 43. d5 b6 44. Qg7+ Ke8 45. Qxc7 cxd5 46. Qb8+ 1-0

[Event "Rohde op 12th"]
[Site "Sautron"]
[Date "2012.11.??"]
[Round "9"]
[White "Sergeev, Vladimir"]
[Black "Dubois, Pierre"]
[Result "1-0"]
[WhiteElo "2475"]
[BlackElo "2033"]
[PlyCount "81"]
[EventDate "2012.10.27"]
[EventType "swiss"]
[EventRounds "9"]
[EventCountry "FRA"]
[SourceTitle "EXT 2014"]
[Source "ChessBase"]
[SourceDate "2013.11.20"]
[SourceVersion "1"]
[SourceVersionDate "2013.11.20"]
[SourceQuality "1"]

1. c4 Nf6 2. Nc3 g6 3. Nf3 Bg7 4. d4 0-0 5. Bg5 d6 6. e3 c6 7. Be2 Bg4 8. 0-0 Nbd7 9. h3 Bxf3 10. Bxf3 Qc7 11. a3 Rfe8 12. e4 e5 13. d5 c5 14. Be2 a6 15. Qc2 h6 16. Be3 Rab8 17. Rab1 b6 18. b3 h5 19. g3 Kh7 20. Qd2 Qd8 21. f3 Ng8 22. g4 Bh6 23. g5 Bg7 24. Kh2 f6 25. h4 Qe7 26. Bd3 Rf8 27. Ne2 Rbe8 28. Rf2 Qd8 29. Rg1 Ne7 30. Nc3 f5 31. Qc2 fxe4 32. Nxe4 Nf5 33. Nf6+ Rxf6 34. gxf6 Qxf6 35. Bg5 Qf7 36. Be4 Nf8 37. Qd3 Bh6 38. Bxf5 Qxf5 39. Qxf5 gxf5 40. Bxh6 Kxh6 41. Rfg2 1-0

[Event "FRA-ch op-B"]
[Site "Caen"]
[Date "2011.08.27"]
[Round "11"]
[White "Dubois, Pierre"]
[Black "Lenoel, Marine"]
[Result "0-1"]
[WhiteElo "1946"]
[BlackElo "1819"]
[PlyCount "96"]
[EventDate "2011.08.16"]
[EventType "swiss"]
[EventRounds "11"]
[EventCountry "FRA"]
[SourceTitle "EXT 2012"]
[Source "ChessBase"]
[SourceDate "2011.11.24"]
[SourceVersion "1"]
[SourceVersionDate "2011.11.24"]
[SourceQuality "1"]

1. e4 e5 2. Nf3 Nc6 3. Bc4 Bc5 4. c3 d6 5. d4 exd4 6. cxd4 Bb6 7. Be3 Nge7 8. Nc3 0-0 9. h3 Na5 10. Bd3 f5 11. Qd2 fxe4 12. Nxe4 Bf5 13. 0-0 d5 14. Ng3 Bxd3 15. Qxd3 Ng6 16. Ng5 Qf6 17. h4 h6 18. h5 hxg5 19. hxg6 Nc6 20. f4 Bxd4 21. f5 Bxe3+ 22. Qxe3 Qd4 23. Qxd4 Nxd4 24. Rad1 c5 25. Rde1 Rae8 26. Rxe8 Rxe8 27. Nh5 Re7 28. f6 gxf6 29. Rxf6 Ne2+ 30. Kf2 Nf4 31. Nxf4 gxf4 32. Rxf4 Kg7 33. Rf5 Rd7 34. Rg5 Kf6 35. Rg3 d4 36. Ke2 b5 37. Rb3 a6 38. a4 c4 39. Rb4 Rd5 40. b3 c3 41. Kd3 Kxg6 42. axb5 axb5 43. g3 Kf5 44. g4+ Kxg4 45. Ke4 Rd7 46. Kd3 Kf4 47. Rxb5 Rc7 48. Kc2 d3+ 0-1